| 000 | 00524nam a2200193Ia 4500 | ||
|---|---|---|---|
| 005 | 20231101110259.0 | ||
| 008 | 131103s9999 xx 000 0 und d | ||
| 040 | _aLoreto College | ||
| 041 | _aEnglish | ||
| 082 |
_a780.3 _bAPE |
||
| 100 | _aApel,Willi | ||
| 245 | 4 |
_aThe Harvard Brief Dictionary Of Music _cWilli Apel and Ralph T.Daniel |
|
| 260 |
_aNew York _bWashington Square Press _c1961 |
||
| 300 | _avi,341 p. | ||
| 650 | _aMusic - Dictionaries | ||
| 700 | _aDaniel,Ralph T. | ||
| 850 | _aLCLIB | ||
| 942 | _cBK | ||
| 999 |
_c17631 _d68110 |
||